[Event "18th Prague Open-A 2019"]
[Site "Prague"]
[Date "2019.01.18"]
[Round "9"]
[White "Qiu, Mengjie"]
[Black "Moreto Quintana, Alex"]
[Result "1-0"]
[WhiteElo "2247"]
[BlackElo "2101"]
[Annotator "TA"]
[PlyCount "179"]
[EventDate "2019.01.11"]
[EventType "swiss"]
[EventCountry "CZE"]
[SourceTitle "playchess.com"]
[Source "ChessBase"]
[SourceQuality "1"]

{[%evp 24,179,39,0,0,0,0,0,0,0,0,0,0,0,0,0,75,75,197,186,205,170,216,221,221,218,206,189,204,206,206,183,592,589,581,545,669,647,741,647,635,611,757,724,577,0,602,445,425,98,98,98,113,114,126,97,100,75,59,74,59,27,84,84,136,87,310,123,80,74,181,177,180,180,180,180,180,173,180,180,316,173,173,173,171,159,913,902,860,835,670,158,158,157,150,133,164,164,617,585,4145,4145,29968,4145,29967,29968,29967,4145,4145,4145,29987,29970,29974,29970,29970,29971,29972,29973,29972,29974,29975,29976,29977,29978,29977,29977,29981,29977,29977,29977,29976,29977,29968,4145,4145,4145,29984,29982,29985,29986,29986,29987,29987,29986,29986,29987,29988,29989,29989,29990,29991,29991,29991,29992,29992,29993,29993,29994]} 1. e4 c5 2. Nf3 d6 3. Bb5+ Bd7 4. Bxd7+ Qxd7 5. c4 Nc6 6. d4 cxd4 7. Nxd4 Nf6 8. Nc3 Nxd4 9. Qxd4 g6 10. f3 Bg7 11. Be3 {B52: Sicilian: Moscow Variation with 3...Bd7} (11. O-O O-O 12. Qd3 Rac8 13. Be3 a6 14. Rac1 Rc6 15. b3 e6 16. Rfd1 Qe7 17. Bf4 Rd8 18. a4 Qc7 19. Kh1 Nd7 20. Ne2 Ne5 21. Qd2 Qb8 {1-0 (48) Rozentalis,E (2567)-Brkic,A (2579) Austria 2017}) 11... O-O 12. Qd3 Rfc8 13. Rc1 {LiveBook: 3 Games. White is slightly better.} a6 14. O-O b5 15. cxb5 axb5 16. Qxb5 Qxb5 17. Nxb5 Rcb8 18. Na7 $146 ({Predecessor:} 18. Nc7 Rxa2 {½-½ (36) Fischer,M (2270)-Scheipl,R (2265) Regensburg 1997}) 18... Rxb2 19. Rf2 Rxf2 (19... Rb7 $11) 20. Kxf2 $16 e6 (20... Ne8 $16) 21. a4 $18 d5 22. a5 dxe4 23. Rc8+ Rxc8 24. Nxc8 {[%mdl 4096] Endgame KBN-KBN} Nd5 25. a6 ({Don't take} 25. fxe4 $6 Nc7 $16) 25... Nc7 26. a7 exf3 27. Kxf3 Na8 $2 (27... f5 28. Bc5 Bf8) 28. Nb6 Nc7 29. Ke4 f5+ 30. Kd3 Be5 31. h3 Kf7 32. Kc4 Bd6 33. Bc5 Bg3 34. Be3 Bd6 $1 35. Bg5 {[#] Strongly threatening Bd8.} Ke8 36. a8=Q+ $2 (36. Bh6 $18 {has better winning chances.}) 36... Nxa8 $16 37. Nxa8 Kf7 38. Nb6 Kg7 39. Nc8 Bg3 40. Ne7 h6 41. Bd2 g5 42. Bc3+ Kf7 43. Nc6 h5 ({Better is} 43... Kg6) 44. Kd3 Kg6 $2 {[#]} (44... g4 $16 {was called for.}) 45. Ke3 $2 (45. Be5 $1 $18 {[%cal Re5g3] is the precise move to win.} Bxe5 46. Nxe5+ Kg7 47. Ke3) 45... Bf4+ 46. Kf3 h4 (46... Bc7 $16 {was necessary.}) 47. Ne5+ Kh5 48. Nd3 Bc7 49. Be5 Bb6 50. Bd6 Kg6 51. Ne5+ Kh5 (51... Kg7 {is a better defense.} 52. Nc6 Kh6) 52. Be7 (52. Nd7 $142 Bd4 53. Be5 g4+ 54. Ke2) 52... Ba5 53. Ke3 Bb6+ 54. Kd3 {And now Nf3 would win.} Ba7 $2 (54... g4 $16 55. Nd7 Bf2) 55. Nc6 $18 Bf2 56. Nd4 Kg6 57. Nf3 $2 (57. Nxe6 $18 g4 58. Nf4+ Kh7 59. Bg5) 57... g4 $16 58. Ne5+ ({Stronger than} 58. Bxh4 Bxh4 59. Nxh4+ Kg5 $11) ({Inferior is} 58. Nxh4+ Kh5 $11) 58... Kh5 59. Ke2 Bd4 60. Nd3 {Hoping for Nf4+.} e5 $2 (60... gxh3 61. gxh3 Kg6 62. Bxh4 e5) 61. Bf6 $18 gxh3 62. gxh3 Bb6 63. Bxe5 (63. Nxe5 $142 Bg1 64. Kf3 Bh2 65. Nd3 Kh6 66. Bxh4 Kg7 67. Bg3 Bg1 68. Nf2) 63... Bd8 64. Nf4+ Kh6 65. Kf3 (65. Nd5 $142 Kh5 66. Kf3 Bg5 67. Bd4 Bc1 68. Ne7 Bh6 69. Nxf5 Bc1 70. Be3) 65... Be7 66. Nd5 Kh5 67. Bf6 Bc5 68. Nf4+ Kh6 69. Bxh4 Bb4 70. Nd5 Bd2 71. Ne7 Bc1 72. Nxf5+ Kg6 73. Kg4 Bd2 74. Bf2 Bg5 75. Bc5 Bf6 76. Be7 Bc3 77. h4 Kf7 78. Bc5 (78. h5 $142 Bb2 79. Bg5 Bh8 80. Ne3 Ke6 81. h6 Be5 82. Kh5 Bd6 83. Kg6) 78... Bf6 79. h5 Bd8 80. Bd4 {White mates.} Ba5 81. Nd6+ Kg8 82. Ne4 Kh7 83. Kg5 Bd8+ 84. Nf6+ Kg7 85. h6+ {[%cal Bh5h6,Bh6h7][%mdl 32]} Kf7 86. Kf5 Be7 87. Ne4 Bf8 88. h7 Bg7 89. Ng5+ Kf8 90. Ne6+ {Precision: White = 50%, Black = 33%.} 1-0

[Event "18th Prague Open-A 2019"]
[Site "Prague"]
[Date "2019.01.18"]
[Round "9"]
[White "Chudinovskikh, Alexander M"]
[Black "Roeder, Matthias"]
[Result "0-1"]
[WhiteElo "2184"]
[BlackElo "2396"]
[Annotator "TA"]
[PlyCount "87"]
[EventDate "2019.01.11"]
[EventType "swiss"]
[EventCountry "CZE"]
[SourceTitle "playchess.com"]
[Source "ChessBase"]
[SourceQuality "1"]

{[%evp 21,87,-80,-89,-74,-81,-91,-81,-90,-55,-75,-79,-433,-109,-118,-104,-229,-177,-166,-157,-287,-286,-488,-491,-476,-467,-451,-443,-437,-332,-310,-312,-309,-303,-312,-325,-284,-268,-256,-236,-287,-178,-455,-431,-546,-528,-589,-576,-580,-507,-715,-701,-703,-703,-701,-690,-697,-678,-682,-649,-586,-591,-776,-754,-744,-737,-699,-681,-681]} 1. e4 c5 2. Nf3 d6 3. d4 cxd4 4. Nxd4 Nf6 5. Nc3 a6 6. Bg5 e6 7. f4 h6 8. Bh4 Qb6 9. Qd2 {B96: Sicilian Najdorf: 6 Bg5 e6 7 f4, lines other than 7...Qb6 and 7...Be7} (9. a3 Be7 10. Bf2 Qc7 11. Qf3 Nbd7 12. O-O-O b5 13. g4 Bb7 14. h4 Nc5 15. Bd3 h5 16. g5 Ng4 17. Rhg1 {½-½ (25) Grischuk,A (2766)-Vachier Lagrave,M (2779) Saint Louis 2018}) 9... Qxb2 10. Nb3 Be7 11. e5 dxe5 {[#] LiveBook: 3 Games. ...Bb4 is the strong threat.} 12. Bxf6 Bxf6 ({Avoid the trap} 12... gxf6 $2 13. Na4 $18) 13. Na4 Qa3 14. Nb6 O-O 15. Nxa8 {aiming for Rd1.} Rd8 16. Qf2 $146 {[%mdl 8192]} (16. Qe2 $17 exf4 17. Rd1) ({Predecessor:} 16. Qa5 Qxa5+ 17. Nxa5 exf4 {1-0 (65) Weichhold,P (2428)-Sadzikowski,D (2548) Poland 2017}) 16... exf4 $2 (16... Qb4+ $19 {is more deadly.} 17. Nd2 e4) 17. Rd1 $17 Qb4+ {[%mdl 1024] Black has strong compensation.} 18. Nd2 (18. Rd2 $17) 18... Bc3 {Threatens to win with ...Rxd2.} 19. Bd3 Nc6 20. Kf1 (20. Qb6 $17 e5 21. Qxb4 Nxb4 22. Nb6) 20... e5 $19 21. Ne4 $2 {[#]} (21. Rb1 {might work better.} Qa4 22. Rb3 Bxd2 23. Qxd2) 21... Qxe4 $1 {[%mdl 512]} 22. Bxe4 Rxd1+ 23. Ke2 Bg4+ 24. Bf3 Rd2+ 25. Kf1 {And now Qxd2! would win.} Rxf2+ 26. Kxf2 Bf5 27. Rb1 e4 ({Don't play} 27... Bxc2 28. Rxb7 e4 29. Be2 $19) 28. Bd1 b5 {Hoping for ...Be6.} 29. Nc7 g5 {[%cal Bg7g5,Bg5g4][%mdl 32]} 30. Nxa6 Nd4 {Strongly threatening ...e3+.} 31. Nb4 $2 (31. Nc7) 31... Be6 {Black is clearly winning.} 32. a3 g4 33. Be2 e3+ 34. Kf1 Kf8 35. Nd3 f3 36. gxf3 gxf3 37. Bxf3 Nxf3 38. Ke2 Nd4+ 39. Kxe3 Nxc2+ 40. Ke4 Nxa3 41. Rc1 b4 42. Nc5 f5+ 43. Kd3 Bc4+ 44. Ke3 {Precision: White = 37%, Black = 77%.} 0-1

[Event "18th Prague Open-A 2019"]
[Site "Prague"]
[Date "2019.01.18"]
[Round "9"]
[White "Vechet, Stanislav"]
[Black "Cerveny, Petr"]
[Result "0-1"]
[WhiteElo "2114"]
[BlackElo "2318"]
[Annotator "TA"]
[PlyCount "86"]
[EventDate "2019.01.11"]
[EventType "swiss"]
[EventCountry "CZE"]
[SourceTitle "playchess.com"]
[Source "ChessBase"]
[SourceQuality "1"]

{[%evp 11,86,66,77,47,56,57,72,53,101,102,92,77,101,76,154,129,164,67,79,58,84,56,68,0,93,0,39,0,70,67,95,51,42,0,0,0,0,0,0,0,0,-29,-27,-77,-68,-63,-29,-50,-56,-87,-80,-116,-99,-123,-65,-73,-39,-135,-6,-7,-6,-85,-121,-188,-177,-191,-195,-179,-174,-138,-139,-129,-141,-29979,-11757,-29983,-29977]} 1. d4 Nf6 2. g3 c5 3. d5 d6 4. c4 e5 5. Nc3 g6 6. e4 Bg7 {LiveBook: 56 Games} 7. h3 {A56: Czech Benoni} (7. Bg2 O-O 8. Nge2 a6 9. a4 b6 10. O-O Ra7 11. a5 bxa5 12. Bd2 Rb7 13. Qc2 Nh5 14. f3 f5 15. exf5 {½-½ (15) Rausis,I (2510)-Volodin,A (2564) Bayerisch Eisenstein 2012}) 7... O-O 8. Be3 $146 ({Predecessor:} 8. Bg2 a6 9. Nge2 Ne8 10. O-O b6 11. Rb1 Nd7 12. Be3 f5 13. Qc2 Ra7 14. b4 Ndf6 {0-1 (37) Sanna,G (2315)-Sygulski,A (2420) Thessaloniki 1984}) 8... Ne8 9. g4 {White is better.} f5 10. gxf5 gxf5 11. exf5 Bxf5 12. Nge2 Qh4 ({Black should play} 12... Nd7) 13. Ng3 $16 Bg6 14. Qd2 (14. Qg4 $18 Qxg4 15. hxg4) 14... Nd7 $14 15. O-O-O a6 16. Bg5 Qd4 17. Be3 (17. h4 $5 {[%cal Rh4h5]}) 17... Qh4 $1 18. Bg5 (18. Rg1 $16) 18... Qd4 19. Be3 Qxd2+ (19... Qh4 $1 $11) 20. Kxd2 (20. Rxd2 {looks sharper.} Ndf6 21. h4 Nh5 22. Nxh5 Bxh5 23. Be2) 20... Ndf6 21. Bd3 b5 22. a3 Rb8 {[%cal Ba8b8,Bb8b5,Bb5b3][%mdl 32]} 23. Bxg6 hxg6 24. cxb5 Nc7 25. Kc2 {aiming for bxa6.} Nxb5 26. Nxb5 (26. Nge4 {keeps more tension.} Nd4+ 27. Kb1 Rb6 28. h4 Rfb8 29. Rd2) 26... Rxb5 27. Rd2 Rfb8 28. Kc1 Kh7 29. Rhd1 Bh6 30. Bxh6 Kxh6 31. Rc2 Rb3 $36 {[%mdl 2048] Black is on the roll.} 32. Rdd2 {[#]} Kg5 (32... Rf3 $1 $17 33. Rc4 Kg7) 33. Rc4 $15 Rh8 {Strongly threatening ...Rh4.} 34. Kc2 (34. Ra4 $15) 34... Rb6 (34... Rf3 $17 35. Ra4 Rxh3) 35. Rd3 $11 Rh4 36. b3 (36. Rxh4 $11 Kxh4 37. Nf1) 36... Rd4 $17 37. Rdxd4 (37. h4+ $17 Rxh4 38. Rxh4 Kxh4 39. Nf1) 37... cxd4 $19 ({But not} 37... exd4 38. b4 $17) 38. Rc6 Nxd5 39. Rxb6 Nxb6 $17 {KN-KN} 40. Ne4+ Kf4 41. Nxd6 Kf3 42. Nc4 $2 {[%mdl 8192] [#]} (42. Kd3 $17) 42... Nxc4 43. bxc4 Ke2 {Precision: White = 27%, Black = 45%.} 0-1

[Event "18th Prague Open-A 2019"]
[Site "Prague"]
[Date "2019.01.18"]
[Round "9"]
[White "Roques, Olivier"]
[Black "Olsarova, Karolina"]
[Result "0-1"]
[WhiteElo "2001"]
[BlackElo "2263"]
[Annotator "TA"]
[PlyCount "106"]
[EventDate "2019.01.11"]
[EventType "swiss"]
[EventCountry "CZE"]
[SourceTitle "playchess.com"]
[Source "ChessBase"]
[SourceQuality "1"]

{[%evp 23,106,48,47,61,81,78,77,75,82,52,47,39,76,15,85,-19,-16,-23,-16,-64,-55,-62,-65,-70,-55,-114,-114,-111,-49,-53,-56,-56,-56,-55,-58,-58,-20,-21,-25,-24,-4,-11,0,-122,-62,-238,-227,-246,-268,-275,-271,-441,-431,-654,-641,-639,-589,-565,-554,-1391,-293,-1284,-1414,-1231,-1130,-4121,-3844,-29963,-29962,-29965,-10763,-5923,-8291,-4627,-5093,-29967,-7695,-29960,-960,-29968,-6539,-29988,-29989,-29991,-29992]} 1. e4 {[%cal Be2e4,Be4e5][%mdl 32]} Nf6 2. e5 Nd5 3. c4 Nb6 4. d4 d6 5. f4 dxe5 6. fxe5 Nc6 7. Be3 Bf5 8. Nc3 e6 9. Nf3 Bg4 10. Be2 Bxf3 11. gxf3 Qh4+ 12. Bf2 Qf4 13. c5 {B03: Alekhine's Defence: Four Pawns Attack} Nd5 14. Nxd5 exd5 15. Qd2 {White is better.} Qf5 (15... Qxd2+ 16. Kxd2 g6 17. f4 Bh6 18. Be3 f6 19. h4 O-O 20. h5 fxe5 21. fxe5 Bxe3+ 22. Kxe3 {1-0 (55) Onischuk,V (2591)-Kovalenko,I (2643) Khanty-Mansiysk 2013}) 16. Rg1 g6 17. b4 $146 ({Predecessor:} 17. Be3 Qe6 18. f4 Ne7 19. Qb4 O-O-O 20. a4 Kb8 {½-½ (70) Chrzaszcz,M (2048)-Cherepov,A (2156) Bialystok 2017}) 17... Bg7 18. b5 ({White should try} 18. f4 $16) 18... Nd8 (18... Ne7 $11 {keeps the balance.}) 19. Qd3 (19. Be3 $16) 19... Qxd3 $1 $11 20. Bxd3 Ne6 21. Be3 f6 22. f4 {Threatens to win with f5.} Bh6 $1 23. exf6 Bxf4 24. Ke2 ({White should play} 24. Bxf4 $15 Nxf4 25. f7+ Kd7 26. Be2) 24... O-O $17 25. Raf1 Bxe3 (25... Rxf6 $17 26. Bxf4 Nxf4+ 27. Kd2 Raf8) 26. Kxe3 $15 Rae8 27. Kd2 Nxd4 28. Bxg6 hxg6 29. Rxg6+ Kf7 30. Rg7+ Ke6 {aiming for ...Rf7.} 31. Rxc7 b6 32. f7 Rd8 {And now ...bxc5 would win.} 33. cxb6 (33. Rxa7 $11 {remains equal.} bxc5 34. Re1+ Kf5 35. Rf1+ Ke5 36. a4) 33... axb6 $17 34. Rb7 $2 ({White must play} 34. a4 $1 $15) 34... Nxb5 $19 35. Rxb6+ Nd6 36. Kd3 Rxf7 37. Rxf7 $2 (37. Re1+ Kd7 38. Ra6) 37... Kxf7 {[%mdl 4096] Endgame KRN-KR} 38. Kd4 (38. a4 $142 Ke6 39. Rb1) 38... Ke6 39. h4 Rh8 40. h5 Rc8 41. Rb4 Nf5+ 42. Kd3 Rh8 43. Rb6+ Ke5 44. Kc3 Rxh5 45. a4 Nd6 46. a5 Rh3+ (46... d4+ $142 47. Kb4 d3 48. Kc3 Rh3 49. Rb1 Ne4+ 50. Kb2 Rh2+ 51. Ka3 Nc3 52. Re1+ Re2 53. Ra1 d2 54. Kb3 Kd4 55. a6 Re1 56. Kc2 Rxa1 57. Kxd2 Ra2+ 58. Ke1 Ke3 59. Kf1 Kf3 60. Kg1 Kg3 61. Kh1 Ra1#) 47. Kb4 Rh4+ 48. Kb3 Nc4 49. Rb5 Rh6 (49... Rh3+ $142 50. Kb4 Rh1 51. Kc3 Rc1+ 52. Kd3 Ra1 53. Kc3 Rxa5 54. Rb7 Ra3+ 55. Kb4 {[#]} Rb3+ $1 {[%mdl 512]} 56. Ka4 Rc3 57. Re7+ Kd6 58. Re8 d4 59. Kb4 Kd5 60. Rg8 Rc1 61. Rg5+ Ne5 62. Kb3 d3 63. Rg8 Ke4 64. Rg2 Ke3 65. Rg3+ Nf3 66. Rg2 Nd4+ 67. Kb4 Ne2 68. Rg6 d2 69. Re6+ Kd3 70. Rf6 d1=Q 71. Ka5 Ra1+ 72. Kb6 Qb3+ 73. Kc5 Rc1+ 74. Kd6 Qb6+ 75. Kd7 Rc7+ 76. Ke8 Qb8#) 50. Kb4 Ra6 (50... Rh1 $142 51. Kc3 Rc1+ 52. Kd3 Ra1 53. Kc3 Nd6 54. Rb8 d4+ 55. Kc2 Ra2+ 56. Kd3 Rxa5 57. Ke2 Ra2+ 58. Kf3 Ra3+ 59. Kg4 Re3 60. Rb2 d3 61. Rh2 Ne4 62. Rh5+ Kd4 63. Rh2 d2 64. Rxd2+ Nxd2 65. Kf5 Kd5 66. Kg6 Ke6 67. Kg5 Re4 68. Kg6 Nf3 69. Kg7 Rg4+ 70. Kh8 Kf7 71. Kh7 Rh4#) 51. Rc5 {[#]} Rxa5 $1 52. Rxc4 (52. Rxa5 Nxa5) 52... dxc4 {[%cal Bd5c4,Bc4c3][%mdl 32]} 53. Kxa5 c3 {Precision: White = 26%, Black = 61%.} 0-1